000 00618nja a2200193 a 4500
003 BLK
005 20180422124025.0
008 180414c bul|r|ner|||| 00| c0bul d
010 _aNOT00002922013
040 _aBLK
100 1 _aХристов, Добри Лазаров
_eпърви автор
_9376372
245 1 0 _aПривет на България
_cДобри Лазаров Христов.
257 _aBGR
380 _a7
773 _0313576
_9666264
_aХристов, Добри Лазаров
_tНа България
852 _aЦб М 1544
942 _cNOT
_n0
944 _aCR
_c10.07.2008
_kИрена_Линкова
944 _aED
_c30.11.2009
_k
999 _c313589
_d313589